Amaior honrra iglesia de dios n. s. i. de María Sma de los dolores d. s. mando a hazer este libro a expensas de sus bien hechorez la m. s. maría josepha de la s. sma trinidad para su convento de sa. maría de jesus de esta ciudad de sevilla, siendo vicaria de choro (Record no. 8332)

MARC details
000 -CABECERA
campo de control de longitud fija 01563nam a2200337 a 4500
001 - NÚMERO DE CONTROL
campo de control BRCA_8674
005 - FECHA Y HORA DE LA ÚLTIMA TRANSACCIÓN
campo de control 20190320210350.0
008 - DATOS DE LONGITUD FIJA--INFORMACIÓN GENERAL
campo de control de longitud fija 021216s1740----sp-a######---#000-0#lat-#
041 ## - CÓDIGO DE LENGUA
Código de lengua del texto/banda sonora o título independiente lat
044 ## - CÓDIGO DEL PAÍS DE LA ENTIDAD EDITORA/PRODUCTORA
Código MARC del país sp
050 #4 - SIGNATURA TOPOGRÁFICA DE LA BIBLIOTECA DEL CONGRESO
Número de clasificación BV169
Número de documento/Ítem .R66
-- 1740
100 1# - ENTRADA PRINCIPAL--NOMBRE DE PERSONA
Nombre de persona Romero y Ballesteros, P. Fr. Juan
9 (RLIN) 21638
245 10 - MENCIÓN DE TÍTULO
Título Amaior honrra iglesia de dios n. s. i. de María Sma de los dolores d. s. mando a hazer este libro a expensas de sus bien hechorez la m. s. maría josepha de la s. sma trinidad para su convento de sa. maría de jesus de esta ciudad de sevilla, siendo vicaria de choro
Mención de responsabilidad, etc. P. Fr. Juan Romero y Ballesteros.
260 ## - PUBLICACIÓN, DISTRIBUCIÓN, ETC.
Lugar de publicación, distribución, etc. Sevilla
Nombre del editor, distribuidor, etc. Casa grande de N. S. S. Fraca de Sevilla
Fecha de publicación, distribución, etc. 1740
300 ## - DESCRIPCIÓN FÍSICA
Extensión 67 p.
Otras características físicas il.
Dimensiones 56 cm
500 ## - NOTA GENERAL
Nota general Fondo antiguo
500 ## - NOTA GENERAL
Nota general Se encuentra en Caja Fuerte
500 ## - NOTA GENERAL
Nota general W-25
500 ## - NOTA GENERAL
Nota general Portada a color iluminada a mano
500 ## - NOTA GENERAL
Nota general Libro de coro con letras capitulares iluminadas a mano
500 ## - NOTA GENERAL
Nota general Contiene pentagramas musicales
500 ## - NOTA GENERAL
Nota general Estado físico: las páginas 8 y 11 presentan una rotura localizada en el texto, lomo desprendido
500 ## - NOTA GENERAL
Nota general Texto en dos tintas negro y rojo
500 ## - NOTA GENERAL
Nota general Incluye tabla de lo que este libro contiene
500 ## - NOTA GENERAL
Nota general Nota de encuadernación: piel sobre cartón con herrajes metálicos en las tapas
506 0# - NOTA DE RESTRICCIONES AL ACCESO
Limitaciones de acceso Fondo reservado: para su consulta es necesario credencial de usuario y carta de motivos
650 14 - PUNTO DE ACCESO ADICIONAL DE MATERIA--TÉRMINO DE MATERIA
Término de materia o nombre geográfico como elemento de entrada Iglesia católica
Término indicativo de función/relación Liturgia
Subdivisión de forma Manuscritos
9 (RLIN) 21639
650 14 - PUNTO DE ACCESO ADICIONAL DE MATERIA--TÉRMINO DE MATERIA
Término de materia o nombre geográfico como elemento de entrada Libros de coro
Término indicativo de función/relación Iglesia católica
9 (RLIN) 21640
902 ## - CATALOGADOR
Iniciales LAR
942 ## - ELEMENTOS DE PUNTO DE ACCESO ADICIONAL (KOHA)
Fuente del sistema de clasificación o colocación Library of Congress Classification
Tipo de ítem Koha Libros
Holdings
Estado de retiro Estado de pérdida Estado dañado No para préstamo Localización permanente Ubicación/localización actual Fecha de adquisición Número de inventario Total de préstamos Signatura topográfica completa Código de barras Fecha visto por última vez Precio válido a partir de Tipo de ítem Koha
El ejemplar forma parte de la colección y puede ser consultado según las políticas vigentes.       Biblioteca del Museo Franz Mayer (Rogerio Casas-Alatriste) Biblioteca del Museo Franz Mayer (Rogerio Casas-Alatriste) 02/12/2016 W-25   BV169 .R66 1740 (W-25) LAR00172 22/03/2019 22/03/2019 Libros